Broadway Musicals by Lead Character - Statistics

General Stats
  • This quiz has been taken 53 times
  • The average score is 14 of 30
Answer Stats
Hint Answer % Correct
Elphaba Wicked
96%
Maria Rainer (Von Trapp) The Sound of Music
94%
Jean Valjean Les Miserables
89%
Roxie Hart Chicago
87%
Alexander ______ Hamilton
87%
Tracy Turnblad Hairspray
83%
Seymour Krelborn Little Shop of Horrors
81%
Sally Bowles Cabaret
66%
Eliza Doolittle My Fair Lady
66%
Tevye Fiddler on the Roof
62%
Christine Daae The Phantom of the Opera
62%
Christian/Satine Moulin Rouge!
55%
John Adams 1776
47%
Kevin Price/Arnold Cunningham The Book of Mormon
47%
Max Bialystock/Leo Bloom The Producers
45%
Norma Desmond Sunset Boulevard
36%
Celie Harris Johnson The Color Purple
34%
Alison Bechdel Fun Home
32%
Anna Leonowens The King and I
32%
Nellie Forbush South Pacific
30%
Pseudolus A Funny Thing Happened on the Way to the Forum
28%
Billy Bigelow Carousel
28%
Princeton Avenue Q
23%
______ Gallagher Levi Hello, Dolly!
23%
J. Pierrepont Finch How to Succeed in Business Without Really Trying
21%
Auntie ______ Dennis Mame
19%
______ Hope Valentine Sweet Charity
19%
Josh Skinner/Melissa Gimble Schmigadoon!
17%
Usher A Strange Loop
13%
Oliver/Claire Maybe Happy Ending
13%
No matching quizzes found
Score Distribution
Percent of People with Each Score
Percentile by Number Answered
Your Score History
You have not taken this quiz